Il medico di campagna : Romanzo erotico /
Збережено в:
| Автор: | |
|---|---|
| Формат: | Книга |
| Опубліковано: |
Milano
Babilonia
2001
|
| Редагування: | 5. ed. |
| Серія: | La libreria di Babilonia. Narrativa
|
| Теги: |
Немає тегів, Будьте першим, хто поставить тег для цього запису!
|
MARC
| LEADER | 00000nam a22000007i 4500 | ||
|---|---|---|---|
| 001 | CDOM0000001357 | ||
| 003 | mi | ||
| 005 | 20250914180244.0 | ||
| 008 | 070118s1995 it |||||| ||||| |||||c | ||
| 020 | |a 8886386109 | ||
| 040 | |c mi | ||
| 100 | |a Forni, Pietro | ||
| 245 | 1 | |a Il medico di campagna : |b Romanzo erotico / |c Pietro Forni | |
| 250 | |a 5. ed. | ||
| 260 | |a Milano |b Babilonia |c 2001 | ||
| 300 | |a 122 p. |c 21 cm. | ||
| 490 | |a La libreria di Babilonia. Narrativa | ||
| 942 | |2 ddc |c BK | ||
| 952 | |0 0 |1 0 |2 ddc |4 0 |6 B_LNR02FORPIMED11 |7 0 |9 5468 |a MI |b MI |d 2005-09-09 |i 4634 |l 0 |o B-LNR02-FORPI-MED11 |p CDOM4634 |r 2025-07-13 16:27:00 |w 2025-07-13 |x ACQUISTO |y BK | ||
| 999 | |c 4362 |d 4362 | ||